000
00287nam a22001217a 4500
005
20251108175937.0
008
250721s1927 xx 000 0 eng d
100
1
_a
SISAM, KENNETH
245
1
0
_a
NUN`S PRIEST`S TALE /
264
_b
OXFORD,
_c
1927.
942
_2
ddc
_c
BK
999
_c
146113
_d
146113